Detalles MARC
| 000 -LIDER |
| fixed length control field |
02433nam a22004097a 4500 |
| 001 - NÚMERO DE CONTROL |
| Identificador de número de control |
000333 |
| 003 - IDENTIFICACDOR DE NÚMERO DE CONTROL |
| control field |
DO-SdBNP |
| 005 - DATE AND TIME OF LATEST TRANSACTION |
| control field |
20231204103303.0 |
| 007 - CAMPOS FIJOS DE DESCRIPCIÓN FÍSICA |
| fixed length control field |
000333 |
| 008 - ELEMENTOS DE LONGITUD FIJA |
| fixed length control field |
160628b2009 sp | 00| 0 spa d |
| 020 ## - ISBN |
| International Standard Book Number |
9789505115136 |
| 040 ## - FUENTE DE CATALOGACIÓN |
| Agencia que crea de manera original el registro |
BPMSU |
| Idioma de catalogación |
spa |
| Agencia que realiza la transcripción |
BPMSU |
| 082 #4 - NÚMERO DE CLASIFICACIÓN DECIMAL DE DEWEY |
| Classification number |
808.83 |
| Item number |
C965m 2007 |
| Edition number |
22 |
| 245 00 - MENCIÓN DE TITULO |
| Título |
Cuentos memorables según Jorge Luis Borges 1 / |
| Mención de responsabilidad |
May Sinclair ... [y otros.] |
| 260 ## - PUBLICACIÓN, DISTRIBUCIÓN, ETC. (PIE DE IMPRENTA) |
| Lugar de publicación, distribución, etc |
Madrid : |
| Nombre del editor, distribuidor, etc. |
Alfaguara, |
| Fecha de publicación, distribución, etc |
2007 |
| 300 ## - DESCRIPCIÓN FÍSICA |
| Extensión |
380 p. : |
| Otros detalles físicos |
il. ; |
| Dimensiones |
25 cm. |
| 500 ## - NOTA GENERAL |
| Nota general |
Incluye datos biográficos de los autores. |
| 500 ## - NOTA GENERAL |
| Nota general |
Incluye datos biográficos de Jorge Luis Borges en la solapa de la cubierta |
| 504 ## - NOTA DE BIBLIOGRAFÍA, ETC. |
| Bibliography, etc |
Bibliografía : p. 379-380 |
| 505 ## - NOTA DE CONTENIDO |
| Título |
Donde su fuego nunca se apaga / |
| Mención de responsabilidad |
May Sinclair. |
| Título |
Escarabajo de oro / |
| Mención de responsabilidad |
Edgar Allan Poe. |
| Título |
Expulsados de poker-flat / |
| Mención de responsabilidad |
Bret Frencis Harte |
| Título |
Corazón de las tinieblas / |
| Mención de responsabilidad |
Conrad, Joseph |
| Título |
El jardinero / |
| Mención de responsabilidad |
Rudyard Kipling. |
| Título |
El cuento más hermoso del mundo / |
| Mención de responsabilidad |
Rudyard Kipling. |
| Título |
Bola de sebo / |
| Mención de responsabilidad |
Guy de Maupassant. |
| Título |
La pata de mono / |
| Mención de responsabilidad |
William Wymark Jacobs. |
| Título |
El dios de los gongs / |
| Mención de responsabilidad |
Gilbert Keith Chesterton. |
| Título |
Historia de abdula, el mendigo ciego / Las mil y una noches / |
| -- |
Los regalos perfectos / |
| Mención de responsabilidad |
O'Henry. |
| Título |
De lo que aconteció a un deán de Santiago con dol Illán, el gran mago que vivía en Toledo / |
| Mención de responsabilidad |
Infante don Juan Manuel. |
| Título |
. |
| Mención de responsabilidad |
|
| 590 ## - NOTA LOCAL |
| Texto de la nota local |
Inventariado, 2023/VM |
| 650 #4 - ENCABEZAMIENTO DE MATERIA--TEMÁTICO |
| Término temático o nombre geográfico como elemento de entrada |
Cuentos |
| Subdivisión de forma |
Colecciones |
| 700 1# - ASIENTO SECUNDARIO -- NOMBRE PERSONAL |
| Nombre personal |
Sinclair, May, |
| Fechas asociadas con el nombre |
1862 |
| Título de una obra |
Donde su fuego nunca se apaga. |
| 700 1# - ASIENTO SECUNDARIO -- NOMBRE PERSONAL |
| Nombre personal |
Poe, Edgar Allan, |
| Fechas asociadas con el nombre |
1809-1849. |
| Título de una obra |
Escarabajo de oro. |
| 700 1# - ASIENTO SECUNDARIO -- NOMBRE PERSONAL |
| Nombre personal |
Harte, Bret, |
| Fechas asociadas con el nombre |
1839-1902. |
| Título de una obra |
Expulsados de poker-flat. |
| 700 1# - ASIENTO SECUNDARIO -- NOMBRE PERSONAL |
| Nombre personal |
Conrad, Joseph, |
| Fechas asociadas con el nombre |
1857-1924. |
| Título de una obra |
Corazón de las tinieblas. |
| 700 1# - ASIENTO SECUNDARIO -- NOMBRE PERSONAL |
| Nombre personal |
Kipling, Rudyard, |
| Fechas asociadas con el nombre |
1865-1936. |
| Título de una obra |
tJardinero. |
| 700 1# - ASIENTO SECUNDARIO -- NOMBRE PERSONAL |
| Nombre personal |
Kipling, Rudyard, |
| Fechas asociadas con el nombre |
1865-1936. |
| Título de una obra |
Cuento más hermoso del mundo. |
| 700 1# - ASIENTO SECUNDARIO -- NOMBRE PERSONAL |
| Nombre personal |
Guy de Maupassant, René Albert, |
| Fechas asociadas con el nombre |
1850-1893. |
| Título de una obra |
Bola de sebo. |
| 700 1# - ASIENTO SECUNDARIO -- NOMBRE PERSONAL |
| Nombre personal |
Jacobs, William Wymark, |
| Fechas asociadas con el nombre |
1863-1943. |
| Título de una obra |
Pata de mono. |
| 700 1# - ASIENTO SECUNDARIO -- NOMBRE PERSONAL |
| Nombre personal |
Chesterton, Gilbert Keith, |
| Fechas asociadas con el nombre |
1874-1936. |
| Título de una obra |
Dios de los gongs. |
| 700 1# - ASIENTO SECUNDARIO -- NOMBRE PERSONAL |
| Nombre personal |
O'Henry, |
| Fechas asociadas con el nombre |
1862-1910. |
| Título de una obra |
Regalos perfectos. |
| 700 1# - ASIENTO SECUNDARIO -- NOMBRE PERSONAL |
| Nombre personal |
Juan Manuel, |
| Títulos u otras palabras asociadas con el nombre |
Infante de Castilla, |
| Fechas asociadas con el nombre |
1282-1347 |
| Título de una obra |
De lo que aconteció a un deán de Santiago con don Illán, el gran mago que vivía en Toledo. |
| 740 42 - ASIENTO SECUNDARIO DE TÍTULOS RELACIONADOS O ANALÍTICOS NO CONTROLADOS |
| Institución que aplica el campo |
Las mil y una noches : historia de Abdula, el mendigo ciego. |
| 910 ## - VALIDACIÓN |
| Validación |
LOPEREZ/ VMateo V. Control de calidad. BPMSU |
| 942 ## - ADDED ENTRY ELEMENTS (KOHA) |
| Source of classification or shelving scheme |
Dewey Decimal Classification |
| Koha item type |
Libros |